| 000 | 00689nam a2200229Ia 4500 | ||
|---|---|---|---|
| 003 | GCL | ||
| 008 | 140319s9999 xx 000 0 ara d | ||
| 040 |
_aGCL / _cGCL |
||
| 082 | 0 | 4 |
_a808.8 _bل ر |
| 100 | 1 | _aليلى مهدى | |
| 245 | 1 | 0 |
_aراقودة: مجلة ادبية ثقافية / _cليلى مهدى |
| 700 | 1 | _aابوالحسن سلام | |
| 700 | 1 | _aنادية ندا | |
| 300 | _a80 ص | ||
| 490 |
_aالهيئة العامة للاستعلامات _v0 |
||
| 650 | 0 | 4 | _aالشعر العربى |
| 650 | 0 | 4 | _aالادب العربى |
| 650 | 0 | 4 | _aالقصص العربية |
| 650 | 0 | 4 | _aالقصص القصيرة |
| 650 | 0 | 4 | _aالمسرحيات |
| 942 |
_2ddc _cBK |
||
| 999 |
_c51550 _d51550 |
||